书目信息 |
| 题名: |
中国农村统计年鉴
|
|
| 作者: | ;国家统计局农业统计司 编 | |
| 分册: | 87 | |
| 出版信息: | 北京 中国统计出版社 1987 |
|
| 页数: | 359页 | |
| 开本: | 21cm | |
| 丛书名: | ||
| 单 册: | ||
| 中图分类: | F322 | |
| 科图分类: | ||
| 主题词: | 经济统计-农村经济--中国--1985--年鉴 , 农业经济--中国 , 农村经济-经济统计--中国--1985--年鉴 | |
| 电子资源: | ||
| ISBN: | ||
| 000 | 00782nam0 2200253 45 | |
| 001 | 0186003205 | |
| 005 | 20060809110438.28 | |
| 010 | @dCNY3.70 | |
| 091 | @a4006.097 | |
| 100 | @a19951012d1987 em y0chiy0121 ea | |
| 101 | 0 | @achi |
| 102 | @aCN@b110000 | |
| 105 | @ay z 000yy | |
| 200 | 10 | @a中国农村统计年鉴@h87@Azhong guo nong cun tong ji nian jian@f国家统计局农业统计司编 |
| 210 | @a北京@c中国统计出版社@d1987 | |
| 215 | @a359页@d21cm | |
| 606 | @a经济统计-农村经济@y中国@z1985@x年鉴 | |
| 606 | 0 | @a农业经济@x中国 |
| 606 | @a农村经济-经济统计@y中国@z1985@x年鉴 | |
| 690 | @aF322 | |
| 711 | 02 | @a国家统计局农业统计司@4编@Aguo jia tong ji ju nong ye tong ji si |
| 801 | 2 | @aCN@bNLC@c20060809 |
| 801 | 0 | @aCN@b深圳图书馆@c20040429 |
| 905 | @f1@b159379@dF322@e17:(1987) | |
| 中国农村统计年鉴.87/国家统计局农业统计司编.-北京:中国统计出版社,1987 |
| 359页;21cm |
| ISBN :CNY3.70 |
| ● |
| 相关链接 |
|
|
|
|
正题名:中国农村统计年鉴
索取号:F322/17:(1987)
 
预约/预借
| 序号 | 登录号 | 条形码 | 馆藏地/架位号 | 状态 | 备注 |
| 1 | 0205660 | 000212521 | 第一样本阅览室/ [索取号:F322/17:(1987)] | 在馆 | |
| 2 | 0447853 | 204478537 | 密集书库/ [索取号:F322/17:(1987)] | 在馆 | |
| 3 | 0447854 | 204478546 | 密集书库/ [索取号:F322/17:(1987)] | 在馆 | |
| 4 | 0447855 | 204478555 | 密集书库/ [索取号:F322/17:(1987)] | 在馆 |